000 00881nam0a22002411 4500
001 rc\2671099
005 20250623151452.0
035 _a(NLR Aleph) 006799646
090 _a6230120
_c6230120
100 _a20110915d1932 |||y0rusy50 ca
101 0 _arus
102 _aRU
105 _ay z |||||
200 1 _aНормо-кормомер для определения кормовых дач молочным коровам в условиях крупного хозяйства
_fС. В. Серапин
210 _a[Москва]
_cСельколхозгиз
_d1932
_g18 тип. треста "Полиграфкнига"
215 _aОбл., 68 с.
_d20х14 см.
700 1 _aСерапин
_bС.В.
_gСтепан Васильевич
801 0 _aRU
_bNLR
_gpsbo
801 1 _aRU
_bELAR
_2rusmarc
852 _aNLR
_j32-8/8532
942 _cBOOK
980 _aNB